000
00332nam a2200145Ia 4500
100
_a
Edminister/ J.A.
250
_a
2
942
_c
BK
654
_a
Circuits
245
_a
Electric Circuits : Schan on the series
260
_b
Tata Mc Graw hill
_a
Bombay
_c
1991
082
_a
621.3192
_b
EDM
300
_a
298
546
_a
ENGLISH
999
_c
28401
_d
28401